| 000 | nam a22 a 4500 | ||
|---|---|---|---|
| 999 |
_c124879 _d124879 |
||
| 003 | BLK | ||
| 005 | 20201013094237.0 | ||
| 008 | 180409b bul|||||r ||||||| ||bul|| | ||
| 010 | _aKNG00130548000 | ||
| 040 | _aBLK | ||
| 041 |
_aBUL _cBUL |
||
| 072 | 7 |
_2bullib _aЦ _xРедки и ценни |
|
| 080 |
_aСтроително право _b349.442 _x:624/628(44) _z349.442:624/628(44) |
||
| 080 |
_aМостове. Строителство на мостове _b624.2/.8 _x(44) _z624.2/.8(44) |
||
| 080 |
_b625.7/.8 _x(44) _z625.7/.8(44) |
||
| 139 |
_aБари, Шарл _bБ 26 |
||
| 245 | 1 | 0 |
_aКоментар на общите наредби и условия, които се налагат на предприемачите по постройки на мостове и шосета _bУсловия от 16 ноем. 1866 _cнаписал Шарл Барри; прев. А. Карапиров; * Шарл Бари. |
| 257 | _aFRA | ||
| 260 |
_c1895 _fСофия : Придворна печ. Бр. Прошекови _aСофия |
||
| 300 |
_aХХI, 307, 16 с. _c21 см |
||
| 380 | _a3 | ||
| 490 |
_9435080 _aКолекция Редки и ценни издания |
||
| 500 | _aСъдържа и Прибавка към Коментара на общите наредби и условия, които се налагат на предприемачите по постройки на мостове и шосета : Условия от 16 ноем. 1866 г. - с. 213-307 ; Общи наредби и условия, които се налагат на предприемачите по постройки на мостове и шосета. - с. 1-16. | ||
| 650 | 4 |
_aПраво, строително _9319053 |
|
| 650 | 4 |
_aМостове - строителство _9289459 |
|
| 650 | 4 |
_aПътища - строителство _9316651 |
|
| 651 | 4 |
_aФранция _9179722 |
|
| 653 | _aстроително право | ||
| 653 | _aшосета | ||
| 653 | _aмостове | ||
| 653 | _aпътища | ||
| 659 | _aЦ | ||
| 700 | 1 |
_aБарри, Шарл _eнаписал _936781 |
|
| 700 | 1 |
_aКарапиров, А. _eпрев. _976874 |
|
| 700 | 1 |
_aБари, Шарл _e* _9319052 |
|
| 852 |
_aРб 895 _bРц |
||
| 856 | 4 | _qpdf | |
| 856 | 4 | _qpdf | |
| 942 |
_cKNG _n0 _s1 |
||
| 944 |
_aCR _c15.05.2012 _lф / 15.05.2012 _kЛюдмила_Стоянова |
||
| 944 |
_aED _c20.11.2013 _lф / 15.05.2012 |
||
| 999 | _d124879 | ||